WW2 planes by picture - Statistics

General Stats
  • This quiz has been taken 484 times
  • The average score is 6 of 28
Answer Stats
Picture Answer % Correct
Hellcat
60%
Lancaster
51%
Spitfire
46%
Stuka
45%
Zero
43%
P51 Mustang
39%
Hurricane
35%
B17
33%
Thunderbolt
24%
Catalina
22%
Heinkel 111
19%
Swordfish
19%
Dauntless
17%
Mosquito
17%
Defiant
16%
Wildcat
16%
Avenger
12%
Devastator
9%
Gladiator
9%
Messerschmitt 262
9%
Sunderland
9%
Messerschmitt 109
6%
Messerschmitt 110
6%
Junkers Ju 88
5%
Heinkel 115
2%
Mitsubishi G4M
2%
Dewoitine D.371
1%
PZL P.7
1%
No matching quizzes found
Score Distribution
Percent of People with Each Score
Percentile by Number Answered
Your Score History
You have not taken this quiz